000 00334nam a2200133Ia 4500
008 240624s9999 xx 000 0 und d
041 _aeng
082 _a823 MUR
100 _aMURTY SUDHA
245 _aGRANDMA S BAG OF STORIES
260 _c2012
_aNew Delhi
_bPuffin Books
300 _aviii, : 166 : p. : cm. ; 20
365 _cRS
_b25
999 _c19910
_d19910